| 000 | 00941nam a22002897a 4500 | ||
|---|---|---|---|
| 001 | BR6009078 | ||
| 003 | BR-BrBNA | ||
| 005 | 20230928083316.0 | ||
| 007 | ta | ||
| 008 | 230509b bl.||||| |||| 00| 0 por d | ||
| 040 |
_aBR-BrBNA _bpor _cBiblioteca Nacional de Agricultura |
||
| 041 | _a(Por) | ||
| 072 | _aP12; F23 | ||
| 090 | _ P12 BR6009078 | ||
| 110 | 1 | _aSuperintendencia do Desenvolvimento do Nordeste, Recife, PE (Brasil). Div. de Agrologia | |
| 245 | 1 | _aMetodologia da classificacao de terras para fins de irrigacao, adotada pelo Bureau of Reclamation (U.S.A)[Drenagem; Irrigacao; Estrutura do solo; Classificacao do solo] | |
| 260 | 3 |
_aRecife, PE (Brasil): _c[nd]. |
|
| 300 | _a50 p. | ||
| 500 | _aPublished 1960? | ||
| 650 | _aDrenagem | ||
| 650 | _aIrrigacao | ||
| 650 | _aEstrutura do solo | ||
| 650 | _aClassificacao do solo | ||
| 650 | _aPermeabilidade | ||
| 909 |
_a202309 _bLucia _c55 _dLucia Elande |
||
| 942 | _cBK | ||
| 999 |
_c12712 _d12712 |
||